000 00511nam a2200217Ia 4500
003 OSt
005 20220924133715.0
006 a|||||r|||| 00| 0
007 ta
008 220923b |||||||| |||| 00| 0 snd d
024 _a268214
037 _cTextual
040 _aARTS
_cARTS
_bsnd
041 _2snd
_asnd
082 _aZ, 1593L3
100 _aNarvani
_9207147
245 0 _aSant Rangi sarovar
260 _c1973
942 _hZ, 1593L3
_cTEXL
_2CC
999 _c434857
_d434857